000 00875cam a2200217 a 4500
003 OSt
005 20140310182432.0
008 070906s2008 flua b 001 0 eng
020 _a9781932159875 (pbk. : alk. paper)
020 _a1932159878 (pbk. : alk. paper)
050 0 0 _aHD 69.P75
_b.Am48 2008
100 1 _aAmbriz, Rodolfo.
_97462
245 1 0 _aDynamic scheduling with Microsoft Office Project 2007 :
_bthe book by and for professionals /
_cRodolfo Ambriz
260 _aFt. Lauderdale, Fla. :
_bJ. Ross Pub. ;
_a[New York] :
_bInternational Institute for Learning,
_cc2008.
300 _axxix, 727 p. :
_bill. (some col.) ;
_c24 cm.
630 0 0 _aMicrosoft Project.
_97463
650 0 _aProject management
_xComputer programs.
_97464
856 4 1 _3Table of contents only
_uhttp://www.loc.gov/catdir/toc/ecip0726/2007036752.html
942 _2lcc
_cSSLC
999 _c13382
_d13382